Teach It to Your Children: (Record no. 11308)

MARC details
000 -LEADER
fixed length control field 00643nam a2200241 a 4500
001 - CONTROL NUMBER
control field 0001-1308
003 - CONTROL NUMBER IDENTIFIER
control field ELIB.Books
008 - FIXED-LENGTH DATA ELEMENTS--GENERAL INFORMATION
fixed length control field 150709 2010 eng
020 ## - INTERNATIONAL STANDARD BOOK NUMBER
International Standard Book Number 9789657574041
035 ## - SYSTEM CONTROL NUMBER
System control number (ELIB.Books)0001-1463
092 ## - LOCALLY ASSIGNED DEWEY CALL NUMBER (OCLC)
Classification number 268.432
Item number Vam
100 ## - MAIN ENTRY--PERSONAL NAME
Personal name Vamosh, Miriam Feinberg
245 ## - TITLE STATEMENT
Title Teach It to Your Children:
Remainder of title How Kids Lived in Bible Days
260 ## - PUBLICATION, DISTRIBUTION, ETC. (IMPRINT)
Place of publication, distribution, etc. Israel
Name of publisher, distributor, etc. Avi Ofra Media, Ltd.
Date of publication, distribution, etc. 2012
300 ## - PHYSICAL DESCRIPTION
Extent 141
Dimensions 27
500 ## - GENERAL NOTE
General note Library
650 ## - SUBJECT ADDED ENTRY--TOPICAL TERM
Topical term or geographic name as entry element Christian Education
856 ## - ELECTRONIC LOCATION AND ACCESS
Name of location of host KBTS: Library
Uniform Resource Identifier <a href="KBTS: Elib">KBTS: Elib</a>
942 ## - ADDED ENTRY ELEMENTS (KOHA)
Source of classification or shelving scheme Dewey Decimal Classification
Koha item type Books
990 ## - EQUIVALENCES OR CROSS-REFERENCES [LOCAL, CANADA]
Link information for 9XX fields 1
998 ## - LOCAL CONTROL INFORMATION (RLIN)
Cataloger's initials, CIN (RLIN) bat
-- 2015-07-09
Holdings
Withdrawn status Lost status Source of classification or shelving scheme Damaged status Not for loan Home library Current library Date acquired Total Checkouts Barcode Date last seen Bill Date Koha item type
    Dewey Decimal Classification     Karen Baptist Theological Seminary Library Karen Baptist Theological Seminary Library 09/07/2015   15412 22/01/2022 22/01/2022 Books
Implemented & Customized by: BestBookBuddies

Powered by Koha